[Event "WYCC 2018 O16"]
[Site "Halkidiki"]
[Date "2018.10.26"]
[Round "7"]
[White "Engel, Luis"]
[Black "Zhalmakhanov, Ramazan"]
[Result "1/2-1/2"]
[WhiteElo "2441"]
[BlackElo "2316"]
[Annotator "NA"]
[PlyCount "52"]
[EventDate "2018.10.20"]
[EventType "swiss"]
[EventCountry "GRE"]
[SourceTitle "playchess.com"]
[Source "ChessBase"]
[SourceQuality "1"]
[TimeControl "40/5400+30:1800+30"]

1. e4 {[%emt 0:00:00]} c5 {[%emt 0:00:07]} 2. Nf3 {[%emt 0:00:00]} Nc6 {[%emt 0:00:28]} 3. d4 {[%emt 0:01:19]} cxd4 {[%emt 0:00:52]} 4. Nxd4 {[%emt 0:00:05]} Nf6 {[%emt 0:01:54]} 5. Nc3 {[%emt 0:00:06]} e5 {[%emt 0:00:11]} 6. Ndb5 {[%emt 0:00:04]} d6 {[%emt 0:00:07]} 7. Bg5 {[%emt 0:00:05]} a6 {[%emt 0:00:09]} 8. Na3 {[%emt 0:00:05]} b5 {[%emt 0:00:15]} 9. Nd5 {[%emt 0:00:05]} Be7 {[%emt 0:00:11]} 10. Bxf6 {[%emt 0:00:05]} Bxf6 {[%emt 0:00:05]} 11. c3 {[%emt 0:00:06]} Bg5 {[%emt 0:02:57]} 12. Nc2 {[%emt 0:00:15]} O-O {[%emt 0:00:11]} 13. a4 {[%emt 0:02:12]} bxa4 {[%emt 0:01:05]} 14. Rxa4 {[%emt 0:00:05]} a5 {[%emt 0:00:33]} 15. Bc4 {[%emt 0:00:23]} Rb8 {[%emt 0:00:10] LiveBook: 1063 Games} 16. b3 {[%emt 0:00:08]} Kh8 {[%emt 0:00:22]} 17. Ra2 {[%emt 0:03:37]} f5 {[%emt 0:06:57]} 18. exf5 {[%emt 0:01:38]} Bxf5 {[%emt 0:00:09]} 19. Nce3 {[%emt 0:05:30]} Bg6 {[%emt 0:00:33]} 20. O-O {[%emt 0:04:25]} e4 {[%emt 0:03:46]} 21. Be2 {[%emt 0:03:58]} Bf7 {[%emt 0:07:57]} 22. Nc4 {[%emt 0:09:34]} Bg8 {[%emt 0:01:19]} 23. Ra3 {[%emt 0:07:07]} Rb5 {[%emt 0:16:19]} 24. Nce3 {[%emt 0:05:12]} Rb8 {[%emt 0:00:40]} 25. Nc4 {[%emt 0:03:10]} Rb5 {[%emt 0:02:20]} 26. Nce3 {[%emt 0:00:22]} Rb8 {[%emt 0:00:05]} 1/2-1/2

[Event "WYCC 2018 O16"]
[Site "Halkidiki"]
[Date "2018.10.26"]
[Round "7"]
[White "Vlachos, Anatole"]
[Black "Ongut, Tamas Gunes"]
[Result "1-0"]
[WhiteElo "2435"]
[BlackElo "2185"]
[Annotator "NA RC"]
[PlyCount "95"]
[EventDate "2018.10.20"]
[EventType "swiss"]
[EventCountry "GRE"]
[SourceTitle "playchess.com"]
[Source "ChessBase"]
[SourceQuality "1"]
[TimeControl "40/5400+30:1800+30"]

1. d4 {[%emt 0:00:00]} Nf6 {[%emt 0:00:00]} 2. Bg5 {[%emt 0:00:00]} d5 {[%emt 0:00:05]} 3. e3 {[%emt 0:00:00]} c5 {[%emt 0:00:00]} 4. Bxf6 {[%emt 0:00:00]} gxf6 {[%emt 0:00:00]} 5. dxc5 {[%emt 0:00:00]} e6 {[%emt 0:01:08]} 6. c4 {[%emt 0:00:00]} dxc4 {[%emt 0:01:20]} 7. Qxd8+ {[%emt 0:00:09]} Kxd8 {[%emt 0:00:08]} 8. Bxc4 {[%emt 0:02:32]} Bxc5 {[%emt 0:00:10]} 9. Nf3 {[%emt 0:00:46]} Ke7 {[%emt 0:05:44] LiveBook: 5 Games} 10. O-O {[%emt 0:01:24]} b6 {[%emt 0:04:29]} 11. Nbd2 {[%emt 0:00:01]} Bb7 {[%emt 0:00:11]} 12. Rac1 {[%emt 0:00:00]} Nd7 {[%emt 0:02:00]} 13. a3 $11 {[%emt 0:01:11]} Rac8 {[%emt 0:01:59]} 14. b4 {[%emt 0:00:05]} Bd6 {[%emt 0:00:04]} 15. Nd4 {[%emt 0:00:00]} f5 {[%emt 0:07:24]} 16. Bb5 {[%emt 0:03:12]} Rxc1 {[%emt 0:07:13]} 17. Rxc1 {[%emt 0:00:05]} Nb8 {[%emt 0:00:11]} 18. Be2 {[%emt 0:09:18]} a6 {[%emt 0:10:00]} 19. Nc4 {[%emt 0:01:08]} Rc8 {[%emt 0:00:20]} 20. Rd1 {[%emt 0:00:11]} Bc7 {[%emt 0:00:09]} 21. a4 {[%emt 0:00:25]} Rd8 {[%emt 0:02:19]} 22. b5 {[%emt 0:14:30]} axb5 {[%emt 0:01:16]} 23. axb5 {[%emt 0:00:12]} Bd5 {[%emt 0:04:14]} 24. Na3 {[%emt 0:01:15]} Bd6 {[%emt 0:04:28]} 25. Nac2 {[%emt 0:00:12]} Be4 {[%emt 0:01:30]} 26. Bd3 {[%emt 0:00:44]} Bxd3 {[%emt 0:09:19]} 27. Rxd3 {[%emt 0:00:01]} Rc8 {[%emt 0:00:21]} 28. f4 {[%emt 0:03:19]} Bc5 {[%emt 0:06:04]} 29. h3 {[%emt 0:00:18]} h6 {[%emt 0:02:25]} 30. Rd1 {[%emt 0:01:43]} Rd8 {[%emt 0:08:40]} 31. Ra1 {[%emt 0:01:46]} Kf6 {[%emt 0:02:28]} 32. Kf1 {[%emt 0:01:25]} Rg8 {[%emt 0:06:35]} 33. Ra7 {[%emt 0:02:20]} Rd8 {[%emt 0:01:10]} 34. Ke2 {[%emt 0:00:33]} Rd7 {[%emt 0:00:25]} 35. Ra1 {[%emt 0:01:16]} Rd8 {[%emt 0:01:04]} 36. Kf1 {[%emt 0:00:09]} Rd7 {[%emt 0:01:15]} 37. Ke2 {[%emt 0:00:15]} Rd8 {[%emt 0:00:05]} 38. Nb3 {[%emt 0:00:18]} Bd6 {[%emt 0:03:17]} 39. Ncd4 {[%emt 0:00:00]} Rc8 {[%emt 0:00:00]} 40. Nd2 {[%emt 0:00:00]} Bc5 {[%emt 0:00:00]} 41. N2f3 {[%emt 0:05:04]} Bxd4 {[%emt 0:06:16]} 42. Nxd4 {[%emt 0:00:29]} Nd7 {[%emt 0:02:35]} 43. Ra7 {[%emt 0:00:53]} Ke7 {[%emt 0:01:49]} 44. Nc6+ {[%emt 0:01:29]} Kd6 {[%emt 0:00:08]} 45. Kd3 {[%emt 0:02:58]} f6 {[%emt 0:02:06]} 46. Ra2 {[%emt 0:04:14]} e5 {[%emt 0:07:04]} 47. Kc4 {[%emt 0:07:44]} Nb8 {[%emt 0:09:26]} 48. Ra8 {[%emt 0:02:01] Kd5+} 1-0

[Event "WYCC 2018 O16"]
[Site "Halkidiki"]
[Date "2018.10.26"]
[Round "7"]
[White "Zarubitski, Viachaslau"]
[Black "Milosevic, Milos"]
[Result "1/2-1/2"]
[WhiteElo "2417"]
[BlackElo "2306"]
[Annotator "NA"]
[PlyCount "64"]
[EventDate "2018.10.20"]
[EventType "swiss"]
[EventCountry "GRE"]
[SourceTitle "playchess.com"]
[Source "ChessBase"]
[SourceQuality "1"]
[TimeControl "40/5400+30:1800+30"]

1. e4 {[%emt 0:00:00]} d6 {[%emt 0:00:00]} 2. Nf3 {[%emt 0:00:00]} c5 {[%emt 0:00:00]} 3. d4 {[%emt 0:00:00]} cxd4 {[%emt 0:00:00]} 4. Nxd4 {[%emt 0:00:00]} Nf6 {[%emt 0:00:00]} 5. Nc3 {[%emt 0:00:00]} a6 {[%emt 0:00:00]} 6. Be2 {[%emt 0:00:01]} e5 {[%emt 0:00:00]} 7. Nb3 {[%emt 0:00:06]} Be7 {[%emt 0:00:00]} 8. Be3 {[%emt 0:00:09]} Be6 {[%emt 0:00:07]} 9. Nd5 {[%emt 0:00:04]} Nbd7 {[%emt 0:00:06]} 10. Qd3 {[%emt 0:00:05]} O-O {[%emt 0:00:09] B92: Sicilian Najdorf: 6 Be2} 11. a4 {[%emt 0:00:29] LiveBook: 7 Games} (11. O-O Bxd5 12. exd5 Rc8 13. c4 Ne8 14. f3 g6 15. Kh1 Ng7 16. Bg1 Bg5 17. Rad1 h5 18. Nd2 f5 19. b4 h4 20. c5 dxc5 21. d6 cxb4 {1-0 (45) Karjakin,S (2782)-Grischuk,A (2766) Paris 2018}) 11... Bxd5 {[%emt 0:00:18]} 12. exd5 {[%emt 0:00:04]} Rc8 {[%emt 0:00:18]} 13. c4 {[%emt 0:00:17]} Nc5 {[%emt 0:00:42]} (13... e4 $11 14. Qd4 Nc5 15. Nxc5 dxc5) 14. Nxc5 {[%emt 0:03:11]} dxc5 {[%emt 0:00:06]} 15. a5 {[%emt 0:00:18]} e4 {[%emt 0:00:46]} 16. Qd2 $146 {[%emt 0:03:12]} ({Predecessor:} 16. Qc2 Bd6 17. O-O Qc7 18. g3 {0-1 (25) Castrillon Gomez,M (2210)-Vazquez,G (2443) Medellin 2017}) 16... Bd6 {[%emt 0:01:36]} 17. O-O {[%emt 0:05:09]} Nd7 $11 {[%emt 0:03:14]} 18. f4 {[%emt 0:10:48]} exf3 {[%emt 0:13:58]} 19. Rxf3 {[%emt 0:00:15]} Ne5 {[%emt 0:00:57]} 20. Rf2 {[%emt 0:05:10]} f5 {[%emt 0:12:59]} 21. Raf1 {[%emt 0:14:09]} g6 {[%emt 0:01:21]} 22. Bg5 {[%emt 0:09:49]} Qc7 {[%emt 0:01:14]} 23. Bh6 {[%emt 0:01:58]} Rfe8 {[%emt 0:00:59]} 24. Qc3 {[%emt 0:09:36]} Qe7 {[%emt 0:04:46]} 25. g4 {[%emt 0:11:02]} Qh4 {[%emt 0:03:35]} 26. Bf4 {[%emt 0:01:50]} fxg4 {[%emt 0:04:44]} 27. Bg3 {[%emt 0:02:59]} Qg5 {[%emt 0:06:53]} 28. Rf6 {[%emt 0:02:02]} Rcd8 {[%emt 0:13:42]} 29. Kh1 {[%emt 0:01:43]} Bb8 {[%emt 0:03:56]} 30. R6f2 {[%emt 0:06:13]} Bd6 {[%emt 0:17:00]} 31. Rf6 {[%emt 0:04:57]} Bb8 {[%emt 0:00:18]} 32. R6f2 {[%emt 0:02:02]} Bd6 {[%emt 0:00:23]} 1/2-1/2

[Event "WYCC 2018 O16"]
[Site "Halkidiki"]
[Date "2018.10.26"]
[Round "7"]
[White "Vestby-Ellingsen, Mads"]
[Black "Mukhutdinov, Tigran"]
[Result "1/2-1/2"]
[WhiteElo "2410"]
[BlackElo "2256"]
[Annotator "NA RC"]
[PlyCount "77"]
[EventDate "2018.10.20"]
[EventType "swiss"]
[EventCountry "GRE"]
[SourceTitle "playchess.com"]
[Source "ChessBase"]
[SourceQuality "1"]
[TimeControl "40/5400+30:1800+30"]

1. d4 {[%emt 0:00:00]} d5 {[%emt 0:00:00]} 2. c4 {[%emt 0:00:00]} e6 {[%emt 0:00:00]} 3. Nc3 {[%emt 0:00:00]} c6 {[%emt 0:00:00]} 4. Nf3 {[%emt 0:00:00]} dxc4 {[%emt 0:00:00]} 5. a4 {[%emt 0:00:06]} Bb4 {[%emt 0:00:24]} 6. e3 {[%emt 0:00:09]} b5 {[%emt 0:00:24]} 7. Bd2 {[%emt 0:00:09]} a5 {[%emt 0:00:03]} 8. axb5 {[%emt 0:00:10]} Bxc3 {[%emt 0:00:04]} 9. Bxc3 {[%emt 0:00:10]} cxb5 {[%emt 0:00:04]} 10. b3 $1 {[%emt 0:00:10]} Bb7 {[%emt 0:00:14]} 11. bxc4 {[%emt 0:00:10]} b4 {[%emt 0:00:05]} 12. Bb2 {[%emt 0:00:08]} Nf6 {[%emt 0:00:21]} 13. c5 {[%emt 0:00:10] D31: Queen's Gambit Declined: Semi-Slav without ...Nf6 (+ Marshall Gambit and Noteboom) and Exchange Variation lines without ...Nf6} O-O {[%emt 0:01:55]} 14. Bb5 {[%emt 0:00:08]} Bc6 {[%emt 0:00:30]} (14... Ba6 15. Qa4 Qd5 16. Qxa5 Nc6 17. Qxa6 Rxa6 18. Rxa6 Qb3 19. Bxc6 Qxb2 20. O-O b3 {½-½ (28) Donchenko,A (2563)-Tomashevsky,E (2696) Minsk 2017}) 15. Ba4 {[%emt 0:00:11]} Qc7 {[%emt 0:01:20]} 16. O-O {[%emt 0:00:29] LiveBook: 5 Games} Bxa4 {[%emt 0:00:10]} 17. Qxa4 {[%emt 0:00:11]} Nc6 {[%emt 0:00:40]} 18. Nd2 {[%emt 0:00:53]} Nd5 {[%emt 0:00:13]} 19. Nc4 {[%emt 0:01:17]} f5 {[%emt 0:00:41] [#]} 20. Rfe1 $146 {[%emt 0:01:56]} ({Predecessor:} 20. f3 Qb7 {1-0 (59) Lohse,M (2507)-Nataf,I (2480) ICCF email 2015}) 20... Rf6 {[%emt 0:09:37]} 21. e4 {[%emt 0:01:53]} fxe4 {[%emt 0:06:30]} 22. Rxe4 {[%emt 0:00:11]} Raf8 {[%emt 0:02:19]} 23. f3 {[%emt 0:00:37]} Rf4 $11 {[%emt 0:14:53]} 24. Nd6 {[%emt 0:16:49]} Rxe4 {[%emt 0:07:26]} 25. fxe4 {[%emt 0:00:39]} Nf4 {[%emt 0:00:27]} 26. Kh1 {[%emt 0:21:05]} Nd3 {[%emt 0:15:58]} 27. Qb3 {[%emt 0:08:13]} Nxb2 {[%emt 0:03:05]} 28. Qxb2 {[%emt 0:00:11]} a4 {[%emt 0:05:34]} 29. d5 {[%emt 0:13:52]} exd5 {[%emt 0:11:31]} 30. exd5 {[%emt 0:00:10]} Na5 {[%emt 0:01:29]} 31. Qxb4 {[%emt 0:09:39]} Nb3 {[%emt 0:00:37]} 32. Rd1 {[%emt 0:05:36]} Qxc5 {[%emt 0:01:31]} 33. Qxa4 {[%emt 0:00:25]} Qxd5 {[%emt 0:02:17]} 34. Qc4 {[%emt 0:01:26]} Qxc4 {[%emt 0:00:23]} 35. Nxc4 {[%emt 0:00:08]} h6 {[%emt 0:00:25]} 36. Kg1 {[%emt 0:00:20]} Nc5 {[%emt 0:00:20]} 37. Ne5 {[%emt 0:00:48]} Kh7 {[%emt 0:00:28]} 38. Nd7 {[%emt 0:01:12]} Nxd7 {[%emt 0:00:05]} 39. Rxd7 {[%emt 0:00:07]} 1/2-1/2

[Event "WYCC 2018 O16"]
[Site "Halkidiki"]
[Date "2018.10.26"]
[Round "7"]
[White "Kaasen, Tor Fredrik"]
[Black "Bekturov, Tamerlan"]
[Result "1-0"]
[WhiteElo "2388"]
[BlackElo "2297"]
[Annotator "NA"]
[PlyCount "81"]
[EventDate "2018.10.20"]
[EventType "swiss"]
[EventCountry "GRE"]
[SourceTitle "playchess.com"]
[Source "ChessBase"]
[SourceQuality "1"]
[TimeControl "40/5400+30:1800+30"]

1. e4 {[%emt 0:00:00]} c5 {[%emt 0:00:00]} 2. Nf3 {[%emt 0:00:15]} d6 {[%emt 0:00:00]} 3. d4 {[%emt 0:01:14]} cxd4 {[%emt 0:00:01]} 4. Qxd4 {[%emt 0:00:23]} Nc6 {[%emt 0:01:15]} 5. Bb5 {[%emt 0:02:40]} Bd7 {[%emt 0:01:18]} 6. Qe3 {[%emt 0:01:06]} Nf6 {[%emt 0:04:23]} 7. O-O {[%emt 0:00:44]} g6 {[%emt 0:01:21]} 8. c4 {[%emt 0:00:59]} Bg7 {[%emt 0:00:28]} 9. Nc3 {[%emt 0:00:20]} O-O $11 {[%emt 0:02:40]} 10. h3 {[%emt 0:02:53]} a6 {[%emt 0:13:14]} 11. Bxc6 {[%emt 0:02:20]} Bxc6 {[%emt 0:00:40]} 12. Rd1 {[%emt 0:01:03]} Nd7 {[%emt 0:00:44]} 13. Nd4 {[%emt 0:01:38]} Rc8 {[%emt 0:02:02]} 14. b3 {[%emt 0:03:23]} b5 {[%emt 0:21:49]} 15. cxb5 {[%emt 0:03:32]} axb5 {[%emt 0:00:10]} 16. Bb2 {[%emt 0:00:17]} Nb8 {[%emt 0:09:01]} 17. a3 {[%emt 0:05:53]} Bd7 {[%emt 0:05:46]} 18. Qe2 {[%emt 0:07:26]} Qa5 {[%emt 0:03:10]} 19. b4 {[%emt 0:05:10]} Qa6 {[%emt 0:01:19]} 20. Rac1 {[%emt 0:09:27]} Qb7 {[%emt 0:04:55]} 21. Nd5 {[%emt 0:04:25]} Nc6 {[%emt 0:00:59]} 22. Nxb5 {[%emt 0:03:29]} Bxb2 {[%emt 0:14:34]} 23. Qxb2 {[%emt 0:00:08]} f5 {[%emt 0:00:33]} 24. Nbc3 {[%emt 0:03:04]} f4 {[%emt 0:01:11]} 25. Qd2 {[%emt 0:01:01]} Rf7 {[%emt 0:03:29]} 26. Nxf4 {[%emt 0:02:36]} Rcf8 {[%emt 0:00:39]} 27. Nce2 {[%emt 0:00:43]} Ne5 {[%emt 0:00:38]} 28. Qd5 {[%emt 0:11:38]} Bc6 {[%emt 0:01:16]} 29. Rxc6 {[%emt 0:12:09]} Qxc6 {[%emt 0:00:06]} 30. Qxc6 {[%emt 0:00:51]} Nxc6 {[%emt 0:00:06]} 31. Rc1 {[%emt 0:00:34]} Ne5 {[%emt 0:02:10]} 32. Ne6 {[%emt 0:01:49]} Rb8 {[%emt 0:02:15]} 33. Rc3 {[%emt 0:01:03]} Rf6 {[%emt 0:00:11]} 34. N2d4 {[%emt 0:00:14]} Kf7 {[%emt 0:01:48]} 35. Nc7 {[%emt 0:03:26]} e6 {[%emt 0:01:41]} 36. b5 {[%emt 0:01:27]} Ke7 {[%emt 0:00:23]} 37. a4 {[%emt 0:00:43]} Rff8 {[%emt 0:00:33]} 38. a5 {[%emt 0:03:18]} Rbc8 {[%emt 0:01:06]} 39. Ndxe6 {[%emt 0:00:47]} Rg8 {[%emt 0:00:42]} 40. b6 {[%emt 0:00:00]} Rb8 {[%emt 0:00:00]} 41. Nd4 {[%emt 0:04:45]} 1-0

[Event "WYCC 2018 O16"]
[Site "Halkidiki"]
[Date "2018.10.26"]
[Round "7"]
[White "Teclaf, Pawel"]
[Black "Esipenko, Andrey"]
[Result "1/2-1/2"]
[WhiteElo "2384"]
[BlackElo "2609"]
[Annotator "TA"]
[PlyCount "83"]
[EventDate "2018.10.20"]
[EventType "swiss"]
[EventCountry "GRE"]
[SourceTitle "playchess.com"]
[Source "ChessBase"]
[SourceQuality "1"]

{[%evp 17,83,10,21,12,16,0,3,0,22,9,17,0,0,0,0,-4,0,-5,-3,-9,-5,-2,0,0,0,-1,7,0,0,0,0,0,5,0,14,0,0,0,16,0,14,14,18,0,0,0,0,0,0,0,6,0,12,0,1,6,6,1,17,17,22,22,22,0,0,0,16,14]} 1. Nf3 Nf6 2. b3 g6 3. c4 Bg7 4. Bb2 O-O 5. e3 b6 6. Be2 Bb7 7. O-O e6 8. Nc3 d6 {[%cal Bd7d6,Bd6d5][%mdl 32]} 9. d4 Nbd7 {The position is equal.} 10. Nd2 {E61: King's Indian: Early deviations for White, including Smyslov System} (10. Qc2 c5 11. Rad1 Qe7 12. dxc5 Nxc5 13. Qb1 Rfd8 14. Qa1 Rac8 15. Rc1 e5 16. Rfd1 Nce4 17. Nd5 Bxd5 18. cxd5 {0-1 (65) Harvey,M (2275)-Vachier Lagrave,M (2803) chess.com INT 2017}) 10... d5 $146 ({Predecessor:} 10... Ne8 11. Bf3 c6 12. Qc2 f5 13. Rfd1 Qe7 14. Nf1 e5 15. d5 c5 16. e4 f4 17. Be2 h5 {0-1 (34) Mamedjarova,Z (2372)-Brodsky,M (2555) Izmir 2003}) 11. Rc1 c5 12. dxc5 Nxc5 13. b4 Ncd7 14. Qb3 Qe7 15. cxd5 Nxd5 16. Nxd5 Bxd5 17. Bc4 Bb7 18. Bxg7 Kxg7 19. Be2 Bd5 20. Bc4 Bb7 21. Be2 Nf6 (21... Rac8 {keeps more tension.} 22. Qb2+ f6 23. a4 Rfd8 24. a5 bxa5 25. Rxc8 Rxc8 26. bxa5 Ba8) 22. Bf3 Nd5 23. a3 Rac8 24. Qb2+ f6 25. Rfd1 Rfd8 26. Rxc8 Rxc8 27. Rc1 Rd8 28. Ne4 Kf7 29. h3 Rd7 30. Nc3 (30. h4 {keeps more tension.} h5 31. b5 Kg7 32. Ng3 Rc7 33. Rxc7 Qxc7 34. a4) 30... Nxc3 31. Qxc3 Bxf3 32. gxf3 $11 {[%mdl 4096] Endgame KQR-KQR} Qd8 33. Qc6 Ke7 34. Kg2 Qb8 35. Qe4 (35. h4 {seems wilder.} g5 36. h5 f5 37. b5 Qe5 38. Qc4) 35... Qe5 36. Qxe5 fxe5 {KR-KR} 37. Kf1 Kf6 38. Ke2 Kg5 39. Rc4 h5 40. Re4 Kf5 41. Rc4 Kf6 42. Rc8 {Precision: White = 50%, Black = 60%.} 1/2-1/2

[Event "WYCC 2018 O16"]
[Site "Halkidiki"]
[Date "2018.10.26"]
[Round "7"]
[White "Lianes Garcia, Marcos"]
[Black "Quirhuayo Chumbe, German Gonzalo"]
[Result "0-1"]
[WhiteElo "2376"]
[BlackElo "2220"]
[Annotator "NA"]
[PlyCount "50"]
[EventDate "2018.10.20"]
[EventType "swiss"]
[EventCountry "GRE"]
[SourceTitle "playchess.com"]
[Source "ChessBase"]
[SourceQuality "1"]
[TimeControl "40/5400+30:1800+30"]

1. d4 {[%emt 0:00:00]} Nf6 {[%emt 0:00:00]} 2. c4 {[%emt 0:00:42]} e6 {[%emt 0:00:00]} 3. Nf3 {[%emt 0:01:16]} c5 {[%emt 0:00:09]} 4. d5 {[%emt 0:01:03]} b5 {[%emt 0:00:14]} 5. dxe6 {[%emt 0:01:49]} fxe6 {[%emt 0:00:09]} 6. cxb5 {[%emt 0:01:08]} a6 {[%emt 0:00:16]} 7. Nc3 {[%emt 0:17:33]} axb5 {[%emt 0:07:29]} 8. Nxb5 {[%emt 0:00:28]} Qa5+ {[%emt 0:03:35]} 9. Nc3 {[%emt 0:00:29]} d5 {[%emt 0:00:11]} 10. e3 {[%emt 0:02:42]} Be7 {[%emt 0:02:02]} 11. Be2 {[%emt 0:03:16]} O-O {[%emt 0:01:00]} 12. O-O {[%emt 0:00:22]} Nc6 {[%emt 0:02:28]} 13. a4 {[%emt 0:07:57]} Rd8 {[%emt 0:02:09]} 14. Nb5 {[%emt 0:08:15]} e5 {[%emt 0:02:38]} 15. b4 {[%emt 0:31:43]} Qxb4 {[%emt 0:07:40]} 16. Bd2 {[%emt 0:00:50]} Qe4 {[%emt 0:00:48]} 17. Bc3 {[%emt 0:05:36]} Qf5 {[%emt 0:02:26]} 18. Nc7 {[%emt 0:04:00]} Ra7 {[%emt 0:01:24]} 19. e4 {[%emt 0:01:31]} Nxe4 {[%emt 0:04:10]} 20. Nb5 {[%emt 0:06:20]} Nxc3 {[%emt 0:01:42]} 21. Nxc3 {[%emt 0:00:01]} Be6 {[%emt 0:00:17]} 22. Bb5 {[%emt 0:01:34]} Nb4 {[%emt 0:00:56]} 23. Re1 {[%emt 0:00:25]} e4 {[%emt 0:00:12]} 24. Nd2 {[%emt 0:00:11]} Bf6 {[%emt 0:00:23]} 25. Ra3 {[%emt 0:00:02]} Bd4 {[%emt 0:00:11]} 0-1

[Event "WYCC 2018 O16"]
[Site "Halkidiki"]
[Date "2018.10.26"]
[Round "7"]
[White "Schitco, Ivan"]
[Black "Chukavin, Kirill"]
[Result "1-0"]
[WhiteElo "2376"]
[BlackElo "2274"]
[Annotator "NA"]
[PlyCount "117"]
[EventDate "2018.10.20"]
[EventType "swiss"]
[EventCountry "GRE"]
[SourceTitle "playchess.com"]
[Source "ChessBase"]
[SourceQuality "1"]
[TimeControl "40/5400+30:1800+30"]

1. c4 {[%emt 0:00:00]} e6 {[%emt 0:00:00]} 2. Nc3 {[%emt 0:00:00]} Nf6 {[%emt 0:00:00]} 3. e4 {[%emt 0:00:12]} d5 {[%emt 0:00:04]} 4. e5 {[%emt 0:00:22]} d4 {[%emt 0:00:07]} 5. exf6 {[%emt 0:00:05]} dxc3 {[%emt 0:00:05]} 6. bxc3 {[%emt 0:00:05]} Qxf6 {[%emt 0:00:20]} 7. d4 {[%emt 0:00:16]} e5 {[%emt 0:00:11]} 8. Nf3 {[%emt 0:00:27]} exd4 {[%emt 0:02:34]} 9. Bd3 {[%emt 0:21:28]} Bg4 {[%emt 0:24:23]} 10. Qa4+ {[%emt 0:11:37]} Qc6 {[%emt 0:27:21]} 11. Qc2 {[%emt 0:07:10]} Qe6+ {[%emt 0:10:50]} 12. Kd1 {[%emt 0:05:02]} Bxf3+ {[%emt 0:01:56]} 13. gxf3 {[%emt 0:00:02]} Qf6 {[%emt 0:01:03]} 14. Be4 {[%emt 0:22:23]} Nc6 {[%emt 0:05:44]} 15. Bxc6+ {[%emt 0:02:23]} Qxc6 {[%emt 0:02:07]} 16. Re1+ {[%emt 0:01:55]} Be7 {[%emt 0:02:06]} 17. Ba3 {[%emt 0:01:40]} O-O-O {[%emt 0:01:37]} 18. Bxe7 {[%emt 0:01:06]} d3 {[%emt 0:02:26]} 19. Qd2 {[%emt 0:01:24]} Qa4+ {[%emt 0:03:25]} 20. Kc1 Rhe8 21. Kb2 Rd7 22. Ba3 {[%emt 0:04:55]} Rxe1 {[%emt 0:06:38]} 23. Rxe1 b6 24. c5 bxc5 25. Qd1 Qc6 26. Re8+ Kb7 27. Qb3+ Qb6 28. Kc1 c4 29. Qxb6+ axb6 30. Bf8 g6 31. Re4 {[%emt 0:16:12]} b5 {[%emt 0:11:51]} 32. a4 {[%emt 0:01:10]} f5 {[%emt 0:00:37]} 33. Re5 {[%emt 0:00:50]} bxa4 {[%emt 0:00:02]} 34. Ba3 {[%emt 0:01:49]} Rd8 {[%emt 0:00:53]} 35. Rc5 {[%emt 0:02:20]} Re8 {[%emt 0:00:10]} 36. Rxc4 {[%emt 0:00:08]} Re2 {[%emt 0:00:35]} 37. Rxa4 {[%emt 0:01:15]} Rxf2 {[%emt 0:00:41]} 38. h4 {[%emt 0:01:07]} Rc2+ {[%emt 0:00:41]} 39. Kd1 {[%emt 0:00:06]} Rxc3 {[%emt 0:00:10]} 40. Kd2 {[%emt 0:00:00]} Rc2+ {[%emt 0:00:00]} 41. Kxd3 {[%emt 0:00:16]} Ra2 {[%emt 0:08:39]} 42. Rb4+ {[%emt 0:00:19]} Kc6 {[%emt 0:01:03]} 43. Bc1 {[%emt 0:00:21]} Kd5 {[%emt 0:01:39]} 44. Rd4+ {[%emt 0:01:17]} Ke6 {[%emt 0:02:08]} 45. Rc4 {[%emt 0:00:25]} Kd7 {[%emt 0:11:17]} 46. Bf4 {[%emt 0:00:59]} c6 {[%emt 0:01:34]} 47. Rd4+ {[%emt 0:01:39]} Ke7 {[%emt 0:00:08]} 48. Rb4 {[%emt 0:00:14]} Ra3+ {[%emt 0:00:56]} 49. Ke2 {[%emt 0:00:14]} Ra7 {[%emt 0:00:55]} 50. Bb8 {[%emt 0:00:43]} Rd7 {[%emt 0:02:42]} 51. Rb6 {[%emt 0:01:44]} c5 {[%emt 0:01:44]} 52. Rc6 {[%emt 0:00:18]} Rd4 {[%emt 0:02:32]} 53. Rc7+ {[%emt 0:00:36]} Kf6 {[%emt 0:00:46]} 54. Rxh7 {[%emt 0:00:13]} c4 {[%emt 0:00:07]} 55. Ba7 {[%emt 0:00:57]} Rd3 {[%emt 0:02:01]} 56. Rc7 {[%emt 0:00:14]} Ra3 {[%emt 0:00:06]} 57. Bd4+ {[%emt 0:01:03]} Ke6 {[%emt 0:00:02]} 58. Rxc4 {[%emt 0:00:15]} Kd5 {[%emt 0:00:36]} 59. Rb4 {[%emt 0:00:09]} 1-0

[Event "WYCC 2018 O16"]
[Site "Halkidiki"]
[Date "2018.10.26"]
[Round "7"]
[White "Davtyan, Artur"]
[Black "Petriashvili, Nikoloz"]
[Result "1/2-1/2"]
[WhiteElo "2374"]
[BlackElo "2343"]
[Annotator "NA"]
[PlyCount "64"]
[EventDate "2018.10.20"]
[EventType "swiss"]
[EventCountry "GRE"]
[SourceTitle "playchess.com"]
[Source "ChessBase"]
[SourceQuality "1"]
[TimeControl "40/5400+30:1800+30"]

1. d4 {[%emt 0:00:00]} d5 {[%emt 0:00:00]} 2. c4 {[%emt 0:01:19]} c6 {[%emt 0:00:30]} 3. Nf3 {[%emt 0:00:45]} Nf6 {[%emt 0:00:06]} 4. Nc3 {[%emt 0:00:03]} dxc4 {[%emt 0:00:05]} 5. a4 $11 {[%emt 0:00:00] LiveBook: 13649 Games} e6 {[%emt 0:00:00]} 6. e3 {[%emt 0:00:00]} c5 {[%emt 0:00:19]} 7. Bxc4 {[%emt 0:00:00]} Nc6 {[%emt 0:00:10]} 8. O-O {[%emt 0:00:00]} cxd4 {[%emt 0:00:30]} 9. Nxd4 {[%emt 0:00:00]} Bd7 {[%emt 0:01:00]} 10. Qe2 {[%emt 0:07:22]} Bc5 {[%emt 0:21:47]} 11. Rd1 {[%emt 0:01:57]} Qc7 {[%emt 0:05:54]} 12. Bd2 {[%emt 0:26:36]} O-O {[%emt 0:09:20]} 13. Ncb5 {[%emt 0:03:25]} Qb8 {[%emt 0:06:24]} 14. Bc3 {[%emt 0:03:36]} Ne5 {[%emt 0:04:05]} 15. Nf3 {[%emt 0:30:52]} Nxf3+ {[%emt 0:06:19]} 16. Qxf3 {[%emt 0:02:11]} Bc6 {[%emt 0:03:44]} 17. Qe2 {[%emt 0:00:01]} Ne4 {[%emt 0:01:45]} 18. Be1 {[%emt 0:00:47]} Nd6 {[%emt 0:06:14]} 19. b4 {[%emt 0:00:59]} Bxb5 {[%emt 0:01:37]} 20. Bxb5 {[%emt 0:04:07]} Nxb5 {[%emt 0:01:28]} 21. bxc5 {[%emt 0:00:05]} Nc7 {[%emt 0:00:02]} 22. Bc3 {[%emt 0:06:22]} Nd5 {[%emt 0:00:55]} 23. Bd4 {[%emt 0:00:01]} Qc7 {[%emt 0:01:36]} 24. e4 {[%emt 0:00:01]} Ne7 {[%emt 0:02:01]} 25. Qb2 {[%emt 0:00:36]} f6 {[%emt 0:00:06]} 26. Qb3 {[%emt 0:06:54]} Kf7 {[%emt 0:00:04]} 27. Be3 {[%emt 0:03:52]} Rfd8 {[%emt 0:00:53]} 28. f3 {[%emt 0:00:22]} Rxd1+ {[%emt 0:03:31]} 29. Rxd1 {[%emt 0:00:01]} Rd8 {[%emt 0:00:05]} 30. Rxd8 {[%emt 0:00:56]} Qxd8 {[%emt 0:00:05]} 31. Qxb7 {[%emt 0:01:48]} Qd1+ {[%emt 0:00:21]} 32. Kf2 {[%emt 0:00:00]} Qxa4 {[%emt 0:00:05]} 1/2-1/2